<?xml version="1.0" encoding="UTF-8"?>
<record
    xmlns:xsi="http://www.w3.org/2001/XMLSchema-instance"
    xsi:schemaLocation="http://www.loc.gov/MARC21/slim http://www.loc.gov/standards/marcxml/schema/MARC21slim.xsd"
    xmlns="http://www.loc.gov/MARC21/slim">

  <leader>02189nam a22003497a 4500</leader>
  <datafield tag="999" ind1=" " ind2=" ">
    <subfield code="c">21834</subfield>
    <subfield code="d">21834</subfield>
  </datafield>
  <controlfield tag="003">AR-CdUCM</controlfield>
  <controlfield tag="008">190425b           ||||| |||| 00| 0 spa d</controlfield>
  <datafield tag="040" ind1=" " ind2=" ">
    <subfield code="a">MUNICIPALIDAD PROVINCIAL DEL CUSCO</subfield>
    <subfield code="c">BIBLIOTECA MUNICIPAL DEL CUSCO</subfield>
  </datafield>
  <datafield tag="082" ind1=" " ind2=" ">
    <subfield code="a">Rev.Andi/N&#xB0;8/1986</subfield>
  </datafield>
  <datafield tag="110" ind1=" " ind2=" ">
    <subfield code="a">Centro Bartolom&#xE9; de Las Casas</subfield>
    <subfield code="9">3293</subfield>
  </datafield>
  <datafield tag="245" ind1=" " ind2=" ">
    <subfield code="a">Revista andina /</subfield>
    <subfield code="c">Centro de estudios rurales andinos Bartolom&#xE9; de Las Casas Cusco</subfield>
  </datafield>
  <datafield tag="260" ind1=" " ind2=" ">
    <subfield code="a">Cusco :</subfield>
    <subfield code="b">Centro Bartolom&#xE9; de Las Casas,</subfield>
    <subfield code="c">1986.</subfield>
  </datafield>
  <datafield tag="300" ind1=" " ind2=" ">
    <subfield code="a">319-640 p&#xE1;ginas. :</subfield>
    <subfield code="c">23 cm.</subfield>
  </datafield>
  <datafield tag="440" ind1=" " ind2=" ">
    <subfield code="a">Publicaci&#xF3;n Semestral del Centro Bartolom&#xE9; de Las Casas Cusco.</subfield>
    <subfield code="n">A&#xF1;o 4, N&#xFA;mero 8, N&#xB0;2, Segundo semestre 1986.</subfield>
    <subfield code="9">46324</subfield>
  </datafield>
  <datafield tag="505" ind1=" " ind2=" ">
    <subfield code="a">Contenido: Producci&#xF3;n minera y circulaci&#xF3;n monetaria en una econom&#xED;a andina el Per&#xFA; del siglo XIX. Jos&#xE9; Deustua. -- La relaci&#xF3;n quechua-aru perspectivas para la separaci&#xF3;n del l&#xE9;xico. Willem F. H. Adelaar. -- Divorcio y nulidad de matrimonio en Lima (1650-1700) la desavenencia conyugal como indicador social. Bernard Lavall&#xE9;. -- La investigaci&#xF3;n arqueol&#xF3;gica y el uso de la analog&#xED;a etnogr&#xE1;fica el caso de las plazas y espacios abiertos de Cahuachi. Helaine Silverman. -- Pol&#xED;tica linguopedag&#xF3;gica peruana. Enrique Ball&#xF3;n Aguirre. -- Fray Mart&#xED;n de Mur&#xFA;a y el cantar hist&#xF3;rico inka. Margot Beyersdorff. -- Deslindes ling&#xFC;&#xED;sticos en la costa norte peruana. Alfredo Torero. -- La pr&#xE1;ctica de la antropolog&#xED;a econ&#xF3;mica en los Andes peruanos comunidad, unidad dom&#xE9;stica y relaciones de producci&#xF3;n. William Stein. -- Medio siglo de estudios quechuas en la Universidad de Bonn. Roswith Hartmann.</subfield>
  </datafield>
  <datafield tag="650" ind1=" " ind2=" ">
    <subfield code="a">Comunidades campesinas</subfield>
    <subfield code="9">2214</subfield>
  </datafield>
  <datafield tag="650" ind1=" " ind2=" ">
    <subfield code="a">Econom&#xED;a campesina</subfield>
    <subfield code="9">2215</subfield>
  </datafield>
  <datafield tag="650" ind1=" " ind2=" ">
    <subfield code="a">Cultura andina</subfield>
    <subfield code="9">46295</subfield>
  </datafield>
  <datafield tag="650" ind1=" " ind2=" ">
    <subfield code="a">Cultura Nasca</subfield>
    <subfield code="9">46325</subfield>
  </datafield>
  <datafield tag="650" ind1=" " ind2=" ">
    <subfield code="a">Antropolog&#xED;a</subfield>
    <subfield code="9">878</subfield>
  </datafield>
  <datafield tag="700" ind1=" " ind2=" ">
    <subfield code="a">Deustua, Jos&#xE9;</subfield>
    <subfield code="9">27015</subfield>
  </datafield>
  <datafield tag="700" ind1=" " ind2=" ">
    <subfield code="a">Adelaar, Willem F. H.</subfield>
    <subfield code="9">46326</subfield>
  </datafield>
  <datafield tag="700" ind1=" " ind2=" ">
    <subfield code="a">Lavall&#xE9;, Bernard</subfield>
    <subfield code="9">5427</subfield>
  </datafield>
  <datafield tag="700" ind1=" " ind2=" ">
    <subfield code="a">Silverman, Helaine</subfield>
    <subfield code="9">46327</subfield>
  </datafield>
  <datafield tag="700" ind1=" " ind2=" ">
    <subfield code="a">Ball&#xF3;n Aguirre, Enrique</subfield>
    <subfield code="9">1189</subfield>
  </datafield>
  <datafield tag="700" ind1=" " ind2=" ">
    <subfield code="a">Beyersdorff, Margot</subfield>
    <subfield code="9">3246</subfield>
  </datafield>
  <datafield tag="700" ind1=" " ind2=" ">
    <subfield code="a">Torero, Alfredo</subfield>
    <subfield code="9">2062</subfield>
  </datafield>
  <datafield tag="700" ind1=" " ind2=" ">
    <subfield code="a">Stein, William</subfield>
    <subfield code="9">46328</subfield>
  </datafield>
  <datafield tag="700" ind1=" " ind2=" ">
    <subfield code="a">Hartmann, Roswith</subfield>
    <subfield code="9">46309</subfield>
  </datafield>
  <datafield tag="942" ind1=" " ind2=" ">
    <subfield code="2">ddc</subfield>
    <subfield code="c">PP</subfield>
  </datafield>
  <datafield tag="945" ind1=" " ind2=" ">
    <subfield code="a">rac</subfield>
  </datafield>
  <datafield tag="952" ind1=" " ind2=" ">
    <subfield code="0">0</subfield>
    <subfield code="2">ddc</subfield>
    <subfield code="4">0</subfield>
    <subfield code="7">0</subfield>
    <subfield code="a">HEM</subfield>
    <subfield code="b">HEM</subfield>
    <subfield code="c">CART</subfield>
    <subfield code="d">2021-08-20</subfield>
    <subfield code="g">10.00</subfield>
    <subfield code="o">Rev.Andi/N&#xB0;8/1986</subfield>
    <subfield code="p">REVC000307</subfield>
    <subfield code="r">2021-08-20</subfield>
    <subfield code="y">PP</subfield>
  </datafield>
</record>
